[Event "Tournoi Skype 020A"]
[Site "Skype"]
[Date "????.??.??"]
[Round "1.1"]
[White "Saponara, Jose Maria"]
[Black "Martine, Jean-Christophe"]
[Result "0-1"]
[WhiteElo "1649"]
[BlackElo "2172"]
[PlyCount "110"]

1. d4 d5 2. Bf4 Nf6 3. e3 e6 4. Bd3 c5 5. c3 Nc6 6. h3 Bd6 7. Bxd6 Qxd6 8. Nf3
O-O 9. Nbd2 Re8 10. O-O e5 11. dxe5 Nxe5 12. Nxe5 Qxe5 13. Nf3 Qh5 14. Rc1 Be6
15. Bb1 Red8 16. a3 Ne4 17. Nd2 Qg5 18. Nxe4 dxe4 19. Qe2 Qg6 20. Kh2 Qf6 21.
Rcd1 Qe5+ 22. g3 Qf5 23. Rxd8+ Rxd8 24. h4 Qh3+ 25. Kg1 Bg4 26. f3 Qxg3+ 27.
Qg2 Qxg2+ 28. Kxg2 Bxf3+ 29. Kg3 Rd2 30. Kf4 Rxb2 31. Bxe4 Bxe4 32. Kxe4 Rd2
33. Rb1 b6 34. a4 Ra2 35. Rd1 Rxa4+ 36. Kf5 g6+ 37. Kf6 h5 38. Rd8+ Kh7 39. Rd7
Ra1 40. Rxf7+ Kh6 41. Rb7 Rf1+ 42. Ke5 g5 43. hxg5+ Kxg5 44. Rxa7 Rf5+ 45. Ke4
Rf6 46. Ra1 h4 47. Ke5 Rf3 48. Ke4 Kg4 49. Rg1+ Rg3 50. Rf1 h3 51. Rf6 h2 52.
Rg6+ Kh3 53. Rh6+ Kg2 54. Kf4 Rh3 55. Rxb6 Rh4+ 0-1

[Event "Tournoi Skype 020A"]
[Site "Skype"]
[Date "????.??.??"]
[Round "1.2"]
[White "Benson, Paul"]
[Black "Prasad Singh, Ambika"]
[Result "1-0"]
[WhiteElo "2059"]
[BlackElo "1648"]
[PlyCount "63"]

1. e4 c5 2. Nf3 d6 3. d4 cxd4 4. Nxd4 Nf6 5. Nc3 a6 6. Be3 Qc7 7. f3 Nc6 8. Qd2
Bd7 9. O-O-O Ne5 10. Kb1 e6 11. g4 b5 12. g5 b4 13. Nce2 Nc4 14. Qc1 Nh5 15.
Ng3 Nxg3 16. hxg3 Nxe3 17. Qxe3 g6 18. f4 Bg7 19. f5 e5 20. f6 Bf8 21. Nb3 a5
22. Nd2 Rc8 23. Rc1 Be6 24. Bb5+ Bd7 25. Bxd7+ Kxd7 26. Qb3 Ke8 27. c3 bxc3 28.
Rxc3 Qd7 29. Rhc1 Rc5 30. Rxc5 dxc5 31. Qb8+ Qd8 32. Qxe5+ 1-0

[Event "Tournoi Skype 020A"]
[Site "Skype"]
[Date "????.??.??"]
[Round "1.4"]
[White "Deville, Olivier"]
[Black "Perez Fermin, Jose"]
[Result "1-0"]
[WhiteElo "2010"]
[BlackElo "1626"]
[PlyCount "85"]

1. c4 e6 2. Nf3 Nf6 3. g3 d5 4. Bg2 c6 5. Qc2 dxc4 6. Qxc4 Nbd7 7. d4 Nb6 8.
Qc2 Bd7 9. O-O Qc7 10. Bd2 c5 11. Rc1 Rc8 12. Bb4 Nbd5 13. Ba3 cxd4 14. Qxc7
Rxc7 15. Rxc7 Nxc7 16. Bxf8 Kxf8 17. Nxd4 b6 18. Nc6 Bxc6 19. Bxc6 Ncd5 20. Nd2
Ke7 21. Nc4 Rc8 22. Ne5 Nb4 23. Ba4 Rc7 24. a3 Na6 25. Rd1 Nb8 26. f3 g5 27.
Kf2 h6 28. e4 a6 29. Ke3 b5 30. Bb3 Nfd7 31. Nxd7 Nxd7 32. Rd2 Nb6 33. Rc2 Rxc2
34. Bxc2 Nc4+ 35. Kd4 Kd6 36. Bb3 e5+ 37. Kd3 Kc5 38. Bxc4 bxc4+ 39. Kc3 a5 40.
a4 h5 41. h3 f6 42. h4 gxh4 43. gxh4 1-0

[Event "Tournoi Skype 020A"]
[Site "Skype"]
[Date "????.??.??"]
[Round "1.5"]
[White "Trivedi, Viral"]
[Black "Lane, Hakan"]
[Result "1-0"]
[WhiteElo "1619"]
[BlackElo "1993"]
[PlyCount "41"]

1. e4 d6 2. d4 Nf6 3. Nc3 Nbd7 4. Bc4 e5 5. Nf3 Be7 6. O-O c6 7. dxe5 dxe5 8.
Ng5 O-O 9. f4 b5 10. Bxf7+ Rxf7 11. Nxf7 Qb6+ 12. Kh1 Kxf7 13. fxe5 Nxe5 14.
Qh5+ Kg8 15. Qxe5 Bc5 16. Bg5 Bd4 17. Qg3 Ng4 18. h3 Nf2+ 19. Kh2 b4 20. Ne2
Nxe4 21. Qb3+ 1-0

[Event "Tournoi Skype 020A"]
[Site "Skype"]
[Date "????.??.??"]
[Round "1.6"]
[White "Hilton, Stephen"]
[Black "Alvarez, Rafael Andres"]
[Result "1-0"]
[WhiteElo "1885"]
[BlackElo "1611"]
[PlyCount "73"]

1. d4 d5 2. c4 dxc4 3. Nf3 Nf6 4. e3 Bf5 5. Bxc4 e6 6. O-O Nbd7 7. Nc3 c6 8. a4
h5 9. b3 Bd6 10. Bb2 Qc7 11. Qe2 Bg4 12. h3 Bxf3 13. Qxf3 O-O-O 14. Rfc1 g5 15.
g3 g4 16. Qg2 gxh3 17. Qxh3 Rdg8 18. Kf1 Rg5 19. Nb5 Qb8 20. Nxd6+ Qxd6 21. Ba3
Qc7 22. Be2 Ne4 23. Ra2 Rf5 24. Bd3 Ndf6 25. Bxe4 Nxe4 26. f4 Ng5 27. Qg2 h4
28. g4 h3 29. Qh1 Rxf4+ 30. exf4 Qxf4+ 31. Rf2 Qxg4 32. Rxc6+ bxc6 33. Qxc6+
Kd8 34. Qd6+ Kc8 35. Rc2+ Kb7 36. Rc7+ Ka8 37. Qc6+ 1-0

[Event "Tournoi Skype 020A"]
[Site "Skype"]
[Date "????.??.??"]
[Round "1.7"]
[White "Yeter, Orhan"]
[Black "Rico Hernandez, Edgar"]
[Result "0-1"]
[WhiteElo "1611"]
[BlackElo "1884"]
[PlyCount "104"]

1. e4 c6 2. d4 d5 3. Nc3 dxe4 4. Nxe4 Bf5 5. Ng3 Bg6 6. h4 h6 7. h5 Bh7 8. Nf3
Nd7 9. Bd3 Bxd3 10. Qxd3 e6 11. Bf4 Ngf6 12. Ne4 Nxe4 13. Qxe4 Nf6 14. Qe2 Bd6
15. Ne5 Qc7 16. O-O-O O-O-O 17. Rh3 Nd5 18. Bd2 c5 19. Qc4 Rhf8 20. Ra3 cxd4
21. Qxc7+ Nxc7 22. Ra5 b6 23. Rxa7 Bxe5 24. Bb4 Rfe8 25. Rd3 Kb8 26. Ra4 Kb7
27. Rb3 Rd5 28. c4 dxc3 29. bxc3 Ra8 30. Rxa8 Kxa8 31. c4 Rd7 32. a4 Na6 33.
Bd2 Rb7 34. Be3 Nc5 35. Rb5 Nd7 36. a5 bxa5 37. Rxa5+ Kb8 38. c5 Kc7 39. Ra6
Nb8 40. Rb6 Rxb6 41. cxb6+ Kc6 42. Kc2 Nd7 43. Kd3 Nxb6 44. Bxb6 Kxb6 45. Ke4
Bb2 46. g4 f6 47. f4 Bc1 48. f5 e5 49. Kd5 Kb5 50. Ke6 e4 51. Kf7 Bg5 52. Kxg7
e3 0-1

[Event "Tournoi Skype 020A"]
[Site "Skype"]
[Date "????.??.??"]
[Round "1.8"]
[White "Mishra, Om"]
[Black "Murolo, Antonio"]
[Result "1-0"]
[WhiteElo "1881"]
[BlackElo "1602"]
[PlyCount "53"]

1. e4 e6 2. d4 d5 3. Nd2 Nf6 4. Bd3 c5 5. c3 Nc6 6. Ngf3 Qb6 7. exd5 exd5 8.
dxc5 Bxc5 9. O-O O-O 10. Nb3 Bd6 11. Re1 Bg4 12. h3 Bxf3 13. Qxf3 Rae8 14. Be3
Qc7 15. Bd4 Ne5 16. Bxe5 Bxe5 17. g3 Bd6 18. Nd4 Qd8 19. Nf5 Rxe1+ 20. Rxe1 Re8
21. Rxe8+ Nxe8 22. Qxd5 Qf6 23. Qxb7 g6 24. Nxd6 Qxd6 25. Bc4 Qd1+ 26. Kg2 Nd6
27. Qd7 1-0

[Event "Tournoi Skype 020A"]
[Site "Skype"]
[Date "????.??.??"]
[Round "1.11"]
[White "Sepulveda, Lyda Marcela"]
[Black "Lambert, Pierre"]
[Result "0-1"]
[WhiteElo "1591"]
[BlackElo "1867"]
[PlyCount "56"]

1. e4 c5 2. Nf3 Nc6 3. d4 cxd4 4. Nxd4 Nf6 5. Nc3 e6 6. Be2 Be7 7. O-O O-O 8.
Be3 d6 9. f4 Bd7 10. g4 Nxd4 11. Qxd4 Bc6 12. g5 Ne8 13. h4 d5 14. e5 b6 15. b4
Rc8 16. h5 Qd7 17. Rf2 Nc7 18. g6 fxg6 19. hxg6 h6 20. Bg4 Rcd8 21. Rd1 Qe8 22.
Bh5 Rf5 23. Rh2 Rxh5 24. Rxh5 Qxg6+ 25. Kf1 Qxh5 26. Rd2 Nb5 27. Nxb5 Bxb5+ 28.
Ke1 Qh1+ 0-1

[Event "Tournoi Skype 020A"]
[Site "Skype"]
[Date "????.??.??"]
[Round "1.12"]
[White "Jacquelin, Norbert"]
[Black "Sauvaget, Joel"]
[Result "1-0"]
[WhiteElo "1822"]
[BlackElo "1580"]
[PlyCount "71"]

1. c4 c6 2. Nf3 d5 3. cxd5 cxd5 4. g3 e6 5. Bg2 Nf6 6. O-O Be7 7. d3 O-O 8. b3
Nc6 9. Bb2 h6 10. d4 Bd7 11. Ne5 a6 12. Nd2 Rc8 13. Ndf3 Na7 14. Nxd7 Nxd7 15.
Qd3 Nf6 16. Ne5 Nb5 17. a4 Nd6 18. f3 Nde8 19. Kh1 Nd7 20. f4 Nef6 21. f5 Qb6
22. Nxd7 Nxd7 23. e4 dxe4 24. Bxe4 Nf6 25. fxe6 Nxe4 26. exf7+ Kh8 27. Qxe4 Bf6
28. Rac1 Rcd8 29. Rc2 Rd7 30. Ba3 Rfxf7 31. Rc8+ Rd8 32. Bc5 Qxb3 33. Rxd8+
Bxd8 34. Qe8+ Kh7 35. Qxf7 Qxf7 36. Rxf7 1-0

[Event "Tournoi Skype 020A"]
[Site "Skype"]
[Date "????.??.??"]
[Round "1.13"]
[White "Aranzubia, Desiderio"]
[Black "Karia, Vijay"]
[Result "0-1"]
[WhiteElo "1565"]
[BlackElo "1820"]
[PlyCount "38"]

1. d4 d5 2. c4 c6 3. Nc3 Nf6 4. Nf3 e6 5. cxd5 cxd5 6. e3 a6 7. Bd3 Nc6 8. a3
Bd6 9. Bd2 O-O 10. O-O Re8 11. Rc1 e5 12. dxe5 Nxe5 13. Nxe5 Bxe5 14. Qc2 Bd7
15. Rfd1 Rc8 16. Bf5 Ne4 17. Bxd7 Qxd7 18. Be1 Qe6 19. Rxd5 Bxc3 0-1

[Event "Tournoi Skype 020A"]
[Site "Skype"]
[Date "????.??.??"]
[Round "1.14"]
[White "Ricieri, Vinicius"]
[Black "Bendre, Pankaj"]
[Result "1-0"]
[WhiteElo "1818"]
[BlackElo "1545"]
[PlyCount "53"]

1. e4 c5 2. Nf3 d6 3. d3 g6 4. g3 Bg7 5. Bg2 Nc6 6. O-O Nf6 7. c3 O-O 8. Nbd2
Bg4 9. h3 Be6 10. Ng5 Bd7 11. f4 h6 12. Ngf3 e6 13. g4 Qc8 14. Qe1 Nh7 15. Qg3
Qc7 16. h4 Ne7 17. f5 exf5 18. exf5 Bxf5 19. gxf5 Nxf5 20. Qf4 h5 21. Nc4 Rae8
22. Bh3 b5 23. Na3 a6 24. Bxf5 Be5 25. Nxe5 dxe5 26. Qg3 Qe7 27. Bh6 1-0

[Event "Tournoi Skype 020A"]
[Site "Skype"]
[Date "????.??.??"]
[Round "1.15"]
[White "Carballo, Jorge"]
[Black "Mas, Philippe"]
[Result "0-1"]
[WhiteElo "1540"]
[BlackElo "1800"]
[PlyCount "136"]

1. e4 c5 2. Nf3 d6 3. d4 cxd4 4. Qxd4 Nf6 5. Bb5+ Nc6 6. e5 Ng4 7. exd6 Qxd6 8.
Qxd6 exd6 9. h3 Nge5 10. Nxe5 dxe5 11. Bxc6+ bxc6 12. Nc3 Ba6 13. Bd2 Be7 14.
O-O-O Rb8 15. f4 exf4 16. Bxf4 Rb7 17. Ne4 O-O 18. Bd6 Bxd6 19. Rxd6 Rc7 20.
Rhd1 Bc8 21. Nc5 Re8 22. Rd8 Kf8 23. Nd7+ Ke7 24. Rxe8+ Kxe8 25. Nc5 Ke7 26.
Re1+ Kf8 27. Ne4 Be6 28. Ng5 Bf5 29. g4 h6 30. Nf3 Be6 31. Nd4 Bd5 32. b3 Re7
33. Rxe7 Kxe7 34. c4 Bg2 35. h4 g6 36. Kd2 Kd6 37. b4 a6 38. a4 c5 39. Nc2 cxb4
40. Nxb4 a5 41. Nd3 Bc6 42. Nb2 Kc5 43. Kc3 Be4 44. Nd1 f5 45. gxf5 gxf5 46.
Nf2 Bc6 47. Nd3+ Kd6 48. Nb2 f4 49. Kd4 f3 50. Ke3 Kc5 51. Nd3+ Kxc4 52. Ne5+
Kc5 53. Nxc6 Kxc6 54. Kxf3 Kc5 55. Ke4 Kb4 56. Kd4 Kxa4 57. Kc4 Ka3 58. Kc3 Ka2
59. Kc2 h5 60. Kc3 Kb1 61. Kc4 Kc2 62. Kb5 Kd3 63. Kxa5 Ke4 64. Kb4 Kf4 65. Kc3
Kg4 66. Kd3 Kxh4 67. Ke3 Kg3 68. Ke2 Kg2 0-1

[Event "Tournoi Skype 020A"]
[Site "Skype"]
[Date "????.??.??"]
[Round "1.16"]
[White "Engstrom, Olle"]
[Black "Leyton Calderon, Jairo Oswaldo"]
[Result "1-0"]
[WhiteElo "1791"]
[BlackElo "1540"]
[PlyCount "115"]

1. e4 c5 2. Nf3 d6 3. d4 cxd4 4. Nxd4 Nf6 5. Nc3 a6 6. Be3 Nbd7 7. f3 e6 8. Qd2
Be7 9. O-O-O b5 10. Nc6 Qc7 11. Nxe7 Kxe7 12. Bf4 e5 13. Bg5 Bb7 14. Bxb5 axb5
15. Nxb5 Rxa2 16. Kb1 Rha8 17. c3 Qc6 18. Qxd6+ Qxd6 19. Nxd6 Ra1+ 20. Kc2 Rxd1
21. Rxd1 Bc6 22. Nf5+ Kf8 23. Rd6 Rc8 24. Bxf6 Nxf6 25. Ne3 Ne8 26. Rd2 g6 27.
Nd5 Bxd5 28. Rxd5 Ke7 29. Rxe5+ Kf6 30. Rd5 Ng7 31. Kd3 Ne6 32. g3 h5 33. h4
Nc5+ 34. Kd4 Nb3+ 35. Ke3 Ke6 36. Rb5 Nc5 37. Kd4 Nd7 38. f4 Rc6 39. f5+ Kf6
40. Kd5 Ra6 41. fxg6 fxg6 42. c4 Nb6+ 43. Kd4 Nd7 44. c5 Ke7 45. Rb7 Kd8 46. e5
Kc8 47. Rxd7 Kxd7 48. Kd5 Ra5 49. b4 Rb5 50. Kc4 Rb8 51. b5 Ke6 52. c6 Kxe5 53.
Kc5 Ke6 54. b6 Ke7 55. c7 Rc8 56. Kc6 Ra8 57. b7 Ra6+ 58. Kb5 1-0

[Event "Tournoi Skype 020A"]
[Site "Skype"]
[Date "????.??.??"]
[Round "1.17"]
[White "Duthoit, Bernard"]
[Black "Legueltel, Daniel"]
[Result "1/2-1/2"]
[WhiteElo "1539"]
[BlackElo "1775"]
[PlyCount "89"]

1. e4 e5 2. Nf3 Nf6 3. Nc3 Bb4 4. Nxe5 d6 5. Nf3 Bxc3 6. dxc3 Nxe4 7. Bd3 Qe7
8. O-O O-O 9. Re1 d5 10. Nd2 f5 11. Nxe4 fxe4 12. f3 Bf5 13. fxe4 dxe4 14. Bc4+
Kh8 15. Be3 Nc6 16. b4 Rad8 17. Qe2 b6 18. a4 Qf6 19. b5 Na5 20. Bd4 Qg6 21.
Ba2 c5 22. bxc6 Nxc6 23. Rad1 Rd6 24. Rf1 Rfd8 25. Be3 Rxd1 26. Rxd1 Rxd1+ 27.
Qxd1 Qe8 28. Bd5 Ne5 29. a5 bxa5 30. Bxa7 h6 31. c4 a4 32. c5 Qb5 33. Qa1 Nc6
34. Bxc6 Qxc6 35. Qe5 Be6 36. Qd6 Bd5 37. Qxc6 Bxc6 38. Bb8 a3 39. Be5 a2 40.
Kf2 Kg8 41. Ke3 Kf7 42. c4 g5 43. g4 Ke6 44. Bd4 Kf7 45. Bc3 1/2-1/2

[Event "Tournoi Skype 020A"]
[Site "Skype"]
[Date "????.??.??"]
[Round "1.18"]
[White "Segura Lozano, Marcos Antonio"]
[Black "Mitrani, Alberto"]
[Result "1-0"]
[WhiteElo "1772"]
[BlackElo "1538"]
[PlyCount "87"]

1. Nf3 f5 2. c4 d6 3. d4 g6 4. Bg5 Bg7 5. e3 Nf6 6. Bd3 O-O 7. Nc3 Nbd7 8. Rc1
c6 9. O-O Kh8 10. Qe2 e5 11. dxe5 dxe5 12. Bb1 e4 13. Nd4 Nc5 14. Rfd1 Qe8 15.
Bf4 Ne6 16. Nxe6 Bxe6 17. Bd6 Rf7 18. c5 Rd7 19. b4 Qf7 20. Be5 Bc4 21. Rxd7
Nxd7 22. Bxg7+ Kxg7 23. Qb2 Kf8 24. Na4 Qf6 25. Qxf6+ Nxf6 26. Rxc4 Rd8 27. Bc2
Rd2 28. h3 Rd7 29. Bb3 Re7 30. Rd4 Nd7 31. Rd6 Ne5 32. Nb2 Ke8 33. a4 Rd7 34.
Re6+ Re7 35. Rd6 Rd7 36. Rxd7 Kxd7 37. Kh2 Ke7 38. Kg3 Kf6 39. f4 exf3 40. gxf3
g5 41. f4 Ng6 42. Nc4 h5 43. a5 h4+ 44. Kf3 1-0

[Event "Tournoi Skype 020A"]
[Site "Skype"]
[Date "????.??.??"]
[Round "1.22"]
[White "Mulrooney, Justin"]
[Black "Le Brun, Yves"]
[Result "1-0"]
[WhiteElo "1714"]
[BlackElo "1516"]
[PlyCount "53"]

1. d4 d5 2. c4 e6 3. Nc3 Nf6 4. Nf3 Nbd7 5. e3 b6 6. cxd5 exd5 7. Bb5 Bb7 8.
Ne5 a6 9. Nxd7 Nxd7 10. Bd3 Nf6 11. O-O Bb4 12. Qa4+ Qd7 13. Qxb4 O-O-O 14. Bd2
Rhe8 15. Rfc1 Kb8 16. a4 Ne4 17. Nxe4 a5 18. Qb3 dxe4 19. Bb5 Bd5 20. Bxd7 Bxb3
21. Bxe8 Rxe8 22. Rc3 Bd5 23. Rac1 Rc8 24. Rb1 Kb7 25. b4 Ka7 26. bxa5 bxa5 27.
Rc5 1-0

[Event "Tournoi Skype 020A"]
[Site "Skype"]
[Date "????.??.??"]
[Round "1.23"]
[White "Munoz Gonzalez, Martin"]
[Black "Siret, Bernard"]
[Result "0-1"]
[WhiteElo "1505"]
[BlackElo "1714"]
[PlyCount "38"]

1. d4 d5 2. e3 e6 3. Bd3 c5 4. c3 Nf6 5. Nd2 Be7 6. Ngf3 O-O 7. Ne5 c4 8. Bc2
b5 9. O-O Bd7 10. f4 Nc6 11. g4 Nxe5 12. fxe5 Ne8 13. Nf3 f5 14. exf6 Nxf6 15.
Ne5 Bd6 16. Rf4 g5 17. Rf3 Qc7 18. Rxf6 Rxf6 19. Nf3 Raf8 0-1

[Event "Tournoi Skype 020A"]
[Site "Skype"]
[Date "????.??.??"]
[Round "1.24"]
[White "Martinez, Jose Abel"]
[Black "Hague, Mark"]
[Result "1/2-1/2"]
[WhiteElo "1700"]
[BlackElo "1502"]
[PlyCount "71"]

1. d4 Nf6 2. Nf3 d5 3. Bg5 Nbd7 4. Nbd2 h6 5. Bxf6 Nxf6 6. e3 Bf5 7. Bd3 Bxd3
8. cxd3 e6 9. Rc1 c6 10. O-O Bd6 11. h3 O-O 12. Re1 Rc8 13. e4 Bb8 14. e5 Nh7
15. Nh2 Qc7 16. f4 f6 17. Rf1 fxe5 18. fxe5 Rxf1+ 19. Qxf1 Rf8 20. Qe2 Qb6 21.
Nb3 Rf5 22. Rf1 Rxf1+ 23. Qxf1 Bxe5 24. Nf3 Bg3 25. Qe2 Nf8 26. Kf1 Qc7 27. Ne5
Bxe5 28. dxe5 c5 29. Nd2 a6 30. b3 b5 31. Nf3 Nd7 32. Qe3 d4 33. Qe4 c4 34.
bxc4 bxc4 35. Qxd4 cxd3 36. Qxd3 1/2-1/2

[Event "Tournoi Skype 020A"]
[Site "Skype"]
[Date "????.??.??"]
[Round "1.25"]
[White "Yardimci, Ertan"]
[Black "Casey, Eamonn"]
[Result "0-1"]
[WhiteElo "1495"]
[BlackElo "1691"]
[PlyCount "94"]

1. d4 Nf6 2. Nf3 e6 3. c4 d5 4. Nc3 c6 5. e3 Nbd7 6. Be2 Bb4 7. O-O O-O 8. Qc2
Qe7 9. cxd5 exd5 10. Bd3 h6 11. Ne2 Bd6 12. a3 Ne4 13. b4 Ndf6 14. h3 Bd7 15.
Bb2 Rfc8 16. Rac1 a5 17. Qb3 axb4 18. axb4 Bxb4 19. Rfd1 c5 20. dxc5 Bxc5 21.
Bxf6 Nxf6 22. Ned4 Ba4 23. Qb1 Bxd1 24. Rxd1 Ne4 25. Qb3 Bxd4 26. Bxe4 dxe4 27.
Nxd4 Ra3 28. Nf5 Qc5 29. Qb2 Rc3 30. Nd6 Rc1 31. Rxc1 Qxc1+ 32. Qxc1 Rxc1+ 33.
Kh2 b6 34. Nxe4 b5 35. Nd2 Rc2 36. Nb3 Rxf2 37. Kg3 Rb2 38. Nd4 b4 39. Kf3 b3
40. Nb5 Rd2 41. Nc3 b2 42. h4 Rc2 43. Nb1 Rc1 44. Nd2 b1=Q 45. Nxb1 Rxb1 46. g3
Rf1+ 47. Kg4 f5+ 0-1

[Event "Tournoi Skype 020A"]
[Site "Skype"]
[Date "????.??.??"]
[Round "1.26"]
[White "Murgia, Stefano"]
[Black "Meaney, Mike"]
[Result "1-0"]
[WhiteElo "1681"]
[BlackElo "1491"]
[PlyCount "50"]

1. e4 e5 2. d4 exd4 3. Qxd4 d6 4. Nc3 Bd7 5. Bd2 Nc6 6. Qe3 Nf6 7. O-O-O Ng4 8.
Qg3 Be7 9. h4 Bf6 10. f4 h5 11. Nf3 Qe7 12. Nd5 Qd8 13. e5 dxe5 14. fxe5 Ncxe5
15. Bc3 Nc6 16. Bxf6 Nxf6 17. Qxg7 Rg8 18. Nxf6+ Ke7 19. Nxg8+ Qxg8 20. Qxg8
Rxg8 21. Bb5 Bg4 22. Rhe1+ Kf8 23. Bxc6 bxc6 24. Rd8+ Kg7 25. Rxg8+ Kxg8 1-0

[Event "Tournoi Skype 020A"]
[Site "Skype"]
[Date "????.??.??"]
[Round "1.27"]
[White "Galani, Mahendra"]
[Black "Thoune, Jim"]
[Result "0-1"]
[WhiteElo "1482"]
[BlackElo "1681"]
[PlyCount "86"]

1. e4 e6 2. d4 d5 3. e5 c5 4. Nf3 cxd4 5. Nxd4 a6 6. c3 Bd7 7. Nd2 Nc6 8. N2f3
Nge7 9. Bg5 Qc7 10. Nxc6 Bxc6 11. Qd4 b5 12. Bd3 Ng6 13. Bxg6 hxg6 14. h3 Bb7
15. O-O Bc5 16. Qd2 Kf8 17. Rfe1 Kg8 18. Nd4 Rh5 19. Nb3 Bb6 20. a4 Qc4 21. a5
Ba7 22. Nd4 Rc8 23. Bf4 Bb8 24. Rac1 Qc7 25. Nf3 Qxa5 26. b3 Qc7 27. Qd4 Bc6
28. Bh2 Ba7 29. Qg4 Rf5 30. Nd4 Bxd4 31. cxd4 Qb6 32. Re3 b4 33. Rg3 Rb8 34.
Qh4 a5 35. Ra1 Bb5 36. Rg4 Be2 37. Rf4 Rc8 38. Rxf5 gxf5 39. Qf4 Rc3 40. Ra2
Bd3 41. Rb2 Bc2 42. Qg5 Bxb3 43. Qe7 Rc1# 0-1

[Event "Tournoi Skype 020A"]
[Site "Skype"]
[Date "????.??.??"]
[Round "1.28"]
[White "Sierra, Henry Alberto"]
[Black "L'Herbon De Lussats, Jean"]
[Result "0-1"]
[WhiteElo "1680"]
[BlackElo "1481"]
[PlyCount "36"]

1. d4 Nf6 2. c4 g6 3. Nf3 Bg7 4. Nc3 O-O 5. e4 d6 6. Be2 c5 7. d5 e6 8. O-O a6
9. Bg5 Bd7 10. Rc1 h6 11. Bh4 g5 12. Bg3 Ne8 13. e5 f5 14. exd6 f4 15. dxe6
Bxe6 16. d7 Nxd7 17. Bxf4 Rxf4 18. Qd6 Nxd6 0-1

[Event "Tournoi Skype 020A"]
[Site "Skype"]
[Date "????.??.??"]
[Round "1.29"]
[White "Perrone, Gabriel Lorenzo"]
[Black "Sahrane, Juba"]
[Result "1-0"]
[WhiteElo "1453"]
[BlackElo "1675"]
[PlyCount "101"]

1. d4 d5 2. c4 e5 3. cxd5 Qxd5 4. Nc3 Qxd4 5. Nf3 Qxd1+ 6. Nxd1 Bb4+ 7. Bd2 Nc6
8. e3 Bxd2+ 9. Nxd2 Bd7 10. Ne4 b6 11. Bb5 Nge7 12. O-O O-O 13. Ndc3 f6 14.
Rfd1 Be6 15. a3 a6 16. Ba4 Rad8 17. Rac1 Rxd1+ 18. Rxd1 Rd8 19. Nd2 b5 20. Bb3
Bxb3 21. Nxb3 Rxd1+ 22. Nxd1 Kf8 23. Nc5 Nb8 24. Ne6+ Ke8 25. Nxg7+ Kd7 26. Nc3
c5 27. Ne4 Ng8 28. Nxc5+ Kd6 29. Ne4+ Kd5 30. f3 Kc4 31. Ne8 Kb3 32. N8xf6 Nxf6
33. Nxf6 Kxb2 34. Nxh7 Kxa3 35. Nf6 b4 36. Ne4 b3 37. Nd2 b2 38. g4 Nd7 39. g5
Nf8 40. h4 Ng6 41. h5 Nf8 42. g6 Nd7 43. g7 Nf6 44. h6 Ka2 45. h7 b1=Q+ 46.
Nxb1 Nxh7 47. g8=Q+ Kxb1 48. Qxh7+ Ka2 49. Qe4 a5 50. Qa4+ Kb2 51. Qxa5 1-0

[Event "Tournoi Skype 020A"]
[Site "Skype"]
[Date "????.??.??"]
[Round "1.30"]
[White "Gharbi, Said"]
[Black "Alvarez, Juan Evangelista"]
[Result "0-1"]
[WhiteElo "1653"]
[BlackElo "1434"]
[PlyCount "100"]

1. e4 Nf6 2. e5 Nd5 3. d4 d6 4. c4 Nb6 5. Nf3 dxe5 6. Nxe5 Nc6 7. Nxc6 bxc6 8.
c5 Nd5 9. Bc4 e6 10. Qa4 Bd7 11. O-O Be7 12. Ba6 Rb8 13. Nd2 Rb4 14. Qa3 Rxd4
15. Bc4 Nb6 16. Be2 Na4 17. b4 O-O 18. Qxa4 Bxc5 19. Nb3 Rxb4 20. Qa5 Bd6 21.
Qxa7 Qh4 22. g3 Qe4 23. Qe3 Qg6 24. Bd2 Rh4 25. Qg5 Rh6 26. Qg4 f5 27. Qxg6
Rxg6 28. Rfd1 f4 29. g4 f3 30. Bd3 Rxg4+ 31. Kh1 Rh4 32. Kg1 Bxh2+ 33. Kf1 Rg4
34. Ke1 e5 35. Bc4+ Kh8 36. Ba5 Bf4 37. Rxd7 e4 38. Bc3 e3 39. Kd1 exf2 40. Kc2
h5 41. Be6 Rg2 42. Kd3 Re8 43. Bf5 Rg1 44. Kc4 Rxa1 45. Bxg7+ Kg8 46. Bxa1
f1=Q+ 47. Bd3 Re4+ 48. Bd4 Rxd4+ 49. Kxd4 Qf2+ 50. Kc4 Qxa2 0-1

[Event "Tournoi Skype 020A"]
[Site "Skype"]
[Date "????.??.??"]
[Round "2.1"]
[White "Martine, Jean-Christophe"]
[Black "Engstrom, Olle"]
[Result "1-0"]
[WhiteElo "2172"]
[BlackElo "1791"]
[PlyCount "55"]

1. d4 Nf6 2. Nd2 d5 3. Ngf3 e6 4. e3 Bd6 5. Bd3 O-O 6. O-O c5 7. c3 Nc6 8. dxc5
Bxc5 9. e4 e5 10. exd5 Qxd5 11. Qe2 h6 12. Nh4 Re8 13. Ne4 Be7 14. Ng6 Be6 15.
Nxe7+ Nxe7 16. Nxf6+ gxf6 17. Bxh6 f5 18. Rfd1 Qc5 19. Qh5 f6 20. Qh4 Kf7 21.
Be3 Qxe3 22. Qh7+ Kf8 23. fxe3 Bg8 24. Qh6+ Kf7 25. Bc4+ Nd5 26. Bxd5+ Ke7 27.
Qg7+ Kd8 28. Bxb7+ 1-0

[Event "Tournoi Skype 020A"]
[Site "Skype"]
[Date "????.??.??"]
[Round "2.3"]
[White "Ibarra Cantu, Raul Alberto"]
[Black "Segura Lozano, Marcos Antonio"]
[Result "0-1"]
[WhiteElo "2015"]
[BlackElo "1772"]
[PlyCount "48"]

1. e4 c5 2. Nf3 Nc6 3. d4 cxd4 4. Nxd4 Qc7 5. Nc3 e6 6. a3 Nf6 7. Be3 a6 8. Be2
Bd6 9. g3 Be7 10. f4 d6 11. Qd2 O-O 12. Bf3 Nxd4 13. Qxd4 b5 14. O-O Bb7 15.
Qb6 Qd7 16. e5 Bxf3 17. exf6 Rfb8 18. Qa5 Bd8 19. Qb4 Bb7 20. Kf2 Bxf6 21. Rad1
Rd8 22. Bb6 Bxc3 23. bxc3 Qc6 24. Bxd8 Qf3+ 0-1

[Event "Tournoi Skype 020A"]
[Site "Skype"]
[Date "????.??.??"]
[Round "2.4"]
[White "Siret, Bernard"]
[Black "Deville, Olivier"]
[Result "1-0"]
[WhiteElo "1714"]
[BlackElo "2010"]
[PlyCount "75"]

1. e4 c5 2. Nf3 d6 3. d4 cxd4 4. Nxd4 Nf6 5. Nc3 Nc6 6. f3 e5 7. Nde2 Be6 8.
Be3 d5 9. exd5 Nxd5 10. Nxd5 Qxd5 11. Qxd5 Bxd5 12. Nc3 Bb4 13. O-O-O Be6 14.
Nb5 O-O 15. Nc7 Rad8 16. Nxe6 Rxd1+ 17. Kxd1 fxe6 18. c3 Rd8+ 19. Kc2 Ba5 20.
Bc4 Kf7 21. Rd1 Rxd1 22. Kxd1 Bb6 23. Bxb6 axb6 24. Bd3 h6 25. Be4 Ke7 26. Bxc6
bxc6 27. Kd2 Kd6 28. Kd3 b5 29. Ke4 c5 30. c4 bxc4 31. h4 h5 32. g4 g6 33. g5
Kc6 34. Kxe5 Kb5 35. Kxe6 Kb4 36. f4 c3 37. bxc3+ Kxc3 38. f5 1-0

[Event "Tournoi Skype 020A"]
[Site "Skype"]
[Date "????.??.??"]
[Round "2.5"]
[White "Casey, Eamonn"]
[Black "Hilton, Stephen"]
[Result "1/2-1/2"]
[WhiteElo "1691"]
[BlackElo "1885"]
[PlyCount "64"]

1. d4 Nf6 2. c4 g6 3. Nc3 d5 4. cxd5 Nxd5 5. e4 Nxc3 6. bxc3 Bg7 7. Bc4 O-O 8.
Ne2 c5 9. O-O Nc6 10. Be3 Na5 11. Bb3 Nxb3 12. axb3 cxd4 13. Bxd4 b6 14. Bxg7
Kxg7 15. Qxd8 Rxd8 16. Rfd1 Bb7 17. f3 a5 18. Nd4 Rac8 19. c4 Ba6 20. Rac1 e5
21. Nc2 b5 22. Rxd8 Rxd8 23. cxb5 Bxb5 24. Na3 Ba6 25. Rc5 Rd1+ 26. Kf2 Rd2+
27. Kg3 Bf1 28. Rc2 Rd3 29. Nc4 Rxb3 30. Nxa5 Rb5 31. Nc4 Rc5 32. Ne3 Rxc2
1/2-1/2

[Event "Tournoi Skype 020A"]
[Site "Skype"]
[Date "????.??.??"]
[Round "2.6"]
[White "Rico Hernandez, Edgar"]
[Black "Montenegro, Juan Carlos"]
[Result "1-0"]
[WhiteElo "1884"]
[BlackElo "1737"]
[PlyCount "109"]

1. d4 d5 2. c4 Nc6 3. e3 Nf6 4. Nc3 e6 5. Nf3 Be7 6. Bd3 O-O 7. O-O a6 8. a3
dxc4 9. Bxc4 b5 10. Bd3 Bb7 11. Ne4 Nxe4 12. Bxe4 Na5 13. Bxb7 Nxb7 14. b4 Qd7
15. Ne5 Qd5 16. Qc2 c5 17. bxc5 Nxc5 18. Nf3 Na4 19. Bd2 Rfc8 20. Qb1 Nb6 21.
Bb4 Bxb4 22. axb4 Na4 23. Rc1 Nc3 24. Qb2 Qc4 25. Rc2 f6 26. h3 Rc6 27. Kh2
Rac8 28. Rac1 R6c7 29. Rxc3 Qxc3 30. Rxc3 Rxc3 31. Qa2 R8c6 32. Kg3 Kf8 33. d5
Rc2 34. Qa5 Rd6 35. Nd4 Rc8 36. dxe6 g6 37. Qa2 Ke7 38. h4 Rc3 39. Qb2 Rd3 40.
Qc2 R6xd4 41. Qc7+ Kxe6 42. Qxh7 Rd5 43. Qxg6 Rd2 44. Qe4+ Re5 45. Qc6+ Rd6 46.
Qc8+ Ke7 47. Kf3 Red5 48. g4 Rd1 49. h5 Rh1 50. Qc7+ Ke6 51. Qc5 Rh3+ 52. Kg2
Rh4 53. Kg3 Rh1 54. Qc8+ Ke7 55. Qb7+ 1-0

[Event "Tournoi Skype 020A"]
[Site "Skype"]
[Date "????.??.??"]
[Round "2.8"]
[White "Loayza, Juan Antonio"]
[Black "Mulrooney, Justin"]
[Result "1-0"]
[WhiteElo "1877"]
[BlackElo "1714"]
[PlyCount "63"]

1. b3 Nf6 2. Bb2 e6 3. e3 Be7 4. Nf3 b6 5. d4 Bb7 6. c4 d5 7. Bd3 O-O 8. Nbd2
c5 9. O-O Nc6 10. Rc1 Nb4 11. Bb1 dxc4 12. Nxc4 b5 13. Nce5 cxd4 14. Bxd4 Nd7
15. a3 Nxe5 16. Nxe5 Nd5 17. b4 a6 18. Nc6 Bxc6 19. Rxc6 Qd7 20. Qc2 g6 21. Rc1
a5 22. Qe2 axb4 23. axb4 Bxb4 24. Qxb5 Ra5 25. Qc4 Be7 26. e4 Bg5 27. exd5 Bxc1
28. dxe6 Qd5 29. exf7+ Qxf7 30. Qxc1 Ra1 31. Rf6 Qc7 32. Ba2+ 1-0